[Event "FRA-chT1A 1112"]
[Site "France"]
[Date "2011.12.11"]
[Round "5.6"]
[White "Egreteau, Eric"]
[Black "Wittmann, Marc"]
[Result "0-1"]
[WhiteElo "2100"]
[BlackElo "2223"]
[PlyCount "90"]
[EventDate "2011.10.16"]
[EventType "team-tourn"]
[EventRounds "11"]
[EventCountry "FRA"]
[SourceTitle "EXT 2013"]
[Source "ChessBase"]
[SourceDate "2012.11.22"]
[SourceVersion "1"]
[SourceVersionDate "2012.11.22"]
[SourceQuality "1"]
[WhiteTeam "La Membrolle Choisille"]
[BlackTeam "Issy les Moulineaux"]
[WhiteTeamCountry "FRA"]
[BlackTeamCountry "FRA"]

1. e4 e5 2. Nf3 Nc6 3. Bc4 Bc5 4. c3 Nf6 5. b4 Bb6 6. d3 d6 7. a4 a6 8. 0-0 Ne7 9. Bb3 Ng6 10. h3 0-0 11. Re1 Qe7 12. Na3 Kh8 13. Nc4 Ba7 14. a5 Nh5 15. Bg5 f6 16. Be3 Nhf4 17. Bxa7 Rxa7 18. Ne3 f5 19. Nd5 Nxd5 20. Bxd5 Nf4 21. Bc4 fxe4 22. dxe4 Qf6 23. Bf1 Nxh3+ 24. gxh3 Qxf3 25. Qxf3 Rxf3 26. Re3 Rxe3 27. fxe3 Be6 28. c4 Kg8 29. c5 dxc5 30. bxc5 Kf7 31. Rc1 Ke7 32. Kg2 Bd7 33. Bc4 Bb5 34. Bd5 c6 35. Bb3 Ra8 36. Rd1 Rd8 37. Rxd8 Kxd8 38. Bg8 h6 39. Be6 Be2 40. Kf2 Bd1 41. Kg3 g5 42. h4 Be2 43. hxg5 hxg5 44. Bg4 Bxg4 45. Kxg4 b5 0-1

[Event "FRA-chT1A 1112"]
[Site "France"]
[Date "2011.11.12"]
[Round "2.5"]
[White "Stephan, Victor"]
[Black "Wittmann, Marc"]
[Result "1-0"]
[WhiteElo "2313"]
[BlackElo "2223"]
[PlyCount "111"]
[EventDate "2011.10.16"]
[EventType "team-tourn"]
[EventRounds "11"]
[EventCountry "FRA"]
[SourceTitle "EXT 2013"]
[Source "ChessBase"]
[SourceDate "2012.11.22"]
[SourceVersion "1"]
[SourceVersionDate "2012.11.22"]
[SourceQuality "1"]
[WhiteTeam "Sautron"]
[BlackTeam "Issy les Moulineaux"]
[WhiteTeamCountry "FRA"]
[BlackTeamCountry "FRA"]

1. d4 Nf6 2. c4 d6 3. Nf3 Nbd7 4. Nc3 e5 5. e4 Be7 6. Be2 0-0 7. 0-0 Re8 8. Qc2 c6 9. Rd1 Qc7 10. d5 a6 11. a3 c5 12. Ne1 h6 13. Rb1 Nh7 14. b4 b6 15. Rb2 Nhf8 16. Bd2 Bg5 17. Rdb1 Bxd2 18. Qxd2 Nf6 19. bxc5 bxc5 20. f3 Ra7 21. Bd1 Rb7 22. Ba4 Rxb2 23. Qxb2 N6d7 24. Bc6 Rd8 25. Na4 Qa5 26. Nd3 g6 27. Nb6 Nxb6 28. Qxb6 Qxb6 29. Rxb6 Nd7 30. Rb3 Kf8 31. Nb2 Ke7 32. Na4 h5 33. h4 f5 34. exf5 gxf5 35. Nb6 Nxb6 36. Rxb6 e4 37. Kf2 Kf6 38. Rb8 Ke7 39. Ke3 exf3 40. gxf3 Rf8 41. Kf4 Rd8 42. a4 a5 43. Ra8 Rf8 44. Rxa5 Kd8 45. Ra7 Rg8 46. Rh7 Rg1 47. Rxh5 Ba6 48. Bb5 Bxb5 49. axb5 Rc1 50. Kxf5 Rxc4 51. Ke6 Kc7 52. Rh7+ Kb6 53. Kxd6 Rf4 54. Rh8 Kxb5 55. Rb8+ Kc4 56. Kc6 1-0

[Event "FRA-chT1 0910"]
[Site "France"]
[Date "2009.12.13"]
[Round "7.5"]
[White "Wittmann, Marc"]
[Black "Gaudron, Fanny"]
[Result "1-0"]
[WhiteElo "2258"]
[BlackElo "2046"]
[PlyCount "87"]
[EventDate "2009.09.27"]
[EventType "team-tourn"]
[EventRounds "11"]
[EventCountry "FRA"]
[SourceTitle "EXT 2011"]
[Source "ChessBase"]
[SourceDate "2010.11.26"]
[SourceVersion "1"]
[SourceVersionDate "2010.11.26"]
[SourceQuality "1"]

1. e4 e5 2. Nf3 Nc6 3. Bb5 a6 4. Bxc6 dxc6 5. 0-0 Bg4 6. d3 Qf6 7. Nbd2 Ne7 8. Re1 Ng6 9. h3 h5 10. hxg4 hxg4 11. Nh2 Rxh2 12. Kxh2 Qh4+ 13. Kg1 g3 14. Nf3 gxf2+ 15. Kf1 fxe1Q+ 16. Qxe1 Qh1+ 17. Kf2 Bc5+ 18. Kg3 Qh5 19. Be3 Bxe3 20. Qxe3 f6 21. Kf2 b6 22. g3 0-0-0 23. a4 Nf8 24. a5 Kb7 25. c3 Qf7 26. axb6 cxb6 27. d4 Qb3 28. Qe2 b5 29. dxe5 fxe5 30. Nxe5 Nd7 31. Nxd7 Rxd7 32. Kg2 Re7 33. Re1 a5 34. e5 Qd5+ 35. Qf3 Kb6 36. Qxd5 cxd5 37. Kf3 Kc5 38. Kf4 d4 39. cxd4+ Kxd4 40. Rd1+ Kc4 41. Kf5 Kc5 42. e6 Kc6 43. Ke5 a4 44. Rc1+ 1-0

[Event "FRA-chT2 Nord 0708"]
[Site "France"]
[Date "2008.03.16"]
[Round "9.3"]
[White "Wittmann, Marc"]
[Black "Roger, Mehdi"]
[Result "1/2-1/2"]
[WhiteElo "2253"]
[BlackElo "2199"]
[PlyCount "68"]
[EventDate "2007.10.21"]
[EventType "team"]
[EventRounds "11"]
[EventCountry "FRA"]
[SourceTitle "EXT 2009"]
[Source "ChessBase"]
[SourceDate "2008.11.26"]
[SourceVersion "1"]
[SourceVersionDate "2008.11.26"]
[SourceQuality "1"]
[WhiteTeam "Issy les Moulineaux"]
[BlackTeam "Lille"]
[WhiteTeamCountry "FRA"]
[BlackTeamCountry "FRA"]

1. e4 e6 2. Nf3 d5 3. e5 c5 4. b4 cxb4 5. a3 Nc6 6. axb4 Bxb4 7. c3 Be7 8. d4 f6 9. Bd3 fxe5 10. dxe5 Nh6 11. Bxh6 gxh6 12. Na3 Bxa3 13. Rxa3 Qe7 14. Ra4 Bd7 15. 0-0 Qg7 16. Re1 Rg8 17. g3 0-0-0 18. c4 Be8 19. cxd5 Rxd5 20. Qc2 Bg6 21. Nd4 Bxd3 22. Qxd3 Nxd4 23. Rxd4 Rgd8 24. Qc3+ Kb8 25. Rxd5 Rxd5 26. f4 Qc7 27. Qe3 Qc2 28. Re2 Rd1+ 29. Kg2 Qb1 30. Qc5 Qd3 31. Qf8+ Kc7 32. Qe7+ Kb8 33. Qe8+ Kc7 34. Qe7+ Kb8 1/2-1/2

[Event "FRA-chT2 Nord 0708"]
[Site "France"]
[Date "2008.03.15"]
[Round "8.4"]
[White "Wittmann, Marc"]
[Black "Van Rompu, Alexandre"]
[Result "1-0"]
[WhiteElo "2253"]
[BlackElo "2112"]
[PlyCount "56"]
[EventDate "2007.10.21"]
[EventType "team"]
[EventRounds "11"]
[EventCountry "FRA"]
[SourceTitle "EXT 2009"]
[Source "ChessBase"]
[SourceDate "2008.11.26"]
[SourceVersion "1"]
[SourceVersionDate "2008.11.26"]
[SourceQuality "1"]
[WhiteTeam "Issy les Moulineaux"]
[BlackTeam "Henin Beaumont"]
[WhiteTeamCountry "FRA"]
[BlackTeamCountry "FRA"]

1. e4 c5 2. Nf3 Nc6 3. d4 cxd4 4. Nxd4 e6 5. Nc3 Qc7 6. Be3 Nf6 7. Be2 a6 8. 0-0 b5 9. a3 Bb7 10. f4 Nxd4 11. Qxd4 d5 12. exd5 Nxd5 13. Nxd5 Bxd5 14. f5 Rd8 15. Rad1 e5 16. Qb6 Qxb6 17. Bxb6 Rd7 18. a4 Bc6 19. axb5 Bxb5 20. c4 Ba4 21. Ra1 Bc6 22. Rfd1 Rxd1+ 23. Bxd1 Bb7 24. Ba4+ Ke7 25. g4 Kf6 26. Rd1 g5 27. Bd8+ Kg7 28. f6+ Kg6 1-0

[Event "FRA-chT2 Nord 0708"]
[Site "France"]
[Date "2007.10.21"]
[Round "1.3"]
[White "Wittmann, Marc"]
[Black "Couche, Jean Francois"]
[Result "1-0"]
[WhiteElo "2255"]
[BlackElo "2107"]
[PlyCount "57"]
[EventDate "2007.10.21"]
[EventType "team"]
[EventRounds "11"]
[EventCountry "FRA"]
[SourceTitle "EXT 2009"]
[Source "ChessBase"]
[SourceDate "2008.11.26"]
[SourceVersion "1"]
[SourceVersionDate "2008.11.26"]
[SourceQuality "1"]
[WhiteTeam "Issy les Moulineaux"]
[BlackTeam "Arcueil"]
[WhiteTeamCountry "FRA"]
[BlackTeamCountry "FRA"]

1. e4 c5 2. Nf3 Nc6 3. d4 cxd4 4. Nxd4 e5 5. Nb5 d6 6. N1c3 a6 7. Na3 b5 8. Nd5 Nge7 9. c4 Nd4 10. cxb5 Nxd5 11. exd5 Bd7 12. Be3 Nxb5 13. Bxb5 axb5 14. 0-0 Be7 15. Nc2 Bg5 16. f4 exf4 17. Bxf4 0-0 18. Kh1 Bxf4 19. Rxf4 Qg5 20. Qf3 Ra4 21. Nb4 Rc8 22. a3 f6 23. Re1 Rc5 24. Rfe4 Ra8 25. Re7 Bg4 26. Qe4 Bf5 27. Re8+ Kf7 28. Qe7+ Kg6 29. Rxa8 1-0

[Event "FRA-chT1A 0607"]
[Site "France"]
[Date "2007.03.10"]
[Round "10.2"]
[White "Wittmann, Marc"]
[Black "Kazakov, Mikhail"]
[Result "1/2-1/2"]
[WhiteElo "2231"]
[BlackElo "2456"]
[PlyCount "93"]
[EventDate "2006.10.15"]
[EventType "team-tourn"]
[EventRounds "11"]
[EventCountry "FRA"]
[SourceTitle "EXT 2008"]
[Source "ChessBase"]
[SourceDate "2007.11.25"]
[SourceVersion "1"]
[SourceVersionDate "2007.11.25"]
[SourceQuality "1"]
[WhiteTeam "Issy les Moulineaux"]
[BlackTeam "Bois Colombes"]
[WhiteTeamCountry "FRA"]
[BlackTeamCountry "FRA"]

1. e4 e5 2. Nf3 Nc6 3. Bc4 Nf6 4. d4 exd4 5. 0-0 Nxe4 6. Re1 d5 7. Bxd5 Qxd5 8. Nc3 Qa5 9. Nxe4 Be6 10. Neg5 0-0-0 11. Nxe6 fxe6 12. Rxe6 Qd5 13. Qe2 h6 14. Bd2 Bc5 15. a3 Rhf8 16. c4 dxc3 17. Bxc3 g5 18. Qe4 Rf4 19. Qxd5 Rxd5 20. Rxh6 g4 21. Rh8+ Nd8 22. Ne5 Bxf2+ 23. Kh1 Bd4 24. Ng6 Re4 25. Rh7 Bxc3 26. bxc3 Rd7 27. Rxd7 Kxd7 28. Rd1+ Kc6 29. Kg1 Ne6 30. Kf2 b5 31. h4 gxh3 32. gxh3 Kc5 33. Re1 Rxe1 34. Kxe1 Kc4 35. Kd2 Kb3 36. h4 Kxa3 37. h5 Kb2 38. h6 Ng5 39. Nf4 Nh7 40. Ne6 c6 41. Nd4 a5 42. Nxc6 a4 43. Kd3 a3 44. Nb4 a2 45. Nxa2 Kxa2 46. Kd4 Kb3 47. Kc5 1/2-1/2

[Event "FRA-chT2A 0506"]
[Site "France"]
[Date "2005.10.16"]
[Round "1.5"]
[White "Delalande, Thierry"]
[Black "Wittmann, Marc"]
[Result "1/2-1/2"]
[WhiteElo "2155"]
[BlackElo "2240"]
[PlyCount "71"]
[EventDate "2005.10.27"]
[EventType "team-tourn"]
[EventRounds "11"]
[EventCountry "FRA"]
[SourceTitle "EXT 2006"]
[Source "ChessBase"]
[SourceDate "2005.11.24"]
[SourceVersion "1"]
[SourceVersionDate "2005.11.24"]
[SourceQuality "1"]
[WhiteTeam "Nantes"]
[BlackTeam "Issy les Moulineaux"]
[WhiteTeamCountry "FRA"]
[BlackTeamCountry "FRA"]

1. d4 Nf6 2. c4 d6 3. Nc3 Nbd7 4. e4 e5 5. Nf3 Be7 6. Be2 0-0 7. 0-0 Re8 8. Re1 Bf8 9. Bf1 a5 10. Rb1 g6 11. Bg5 h6 12. Bh4 g5 13. Bg3 Nh5 14. d5 Ng7 15. Nd2 f5 16. f3 Nf6 17. a3 f4 18. Bf2 g4 19. b4 axb4 20. axb4 Ngh5 21. Bh4 g3 22. h3 Bd7 23. Bxf6 Nxf6 24. Nb3 b6 25. Qc2 Nh7 26. Ra1 Qh4 27. Rxa8 Rxa8 28. Ra1 Re8 29. Ra7 Ng5 30. Qe2 Re7 31. Nb5 Rg7 32. Rxc7 Kh8 33. Nd2 Qh5 34. Ra7 Qh4 35. Rc7 Qh5 36. Ra7 1/2-1/2

[Event "FRA-chT2 0405"]
[Site "France"]
[Date "2004.12.05"]
[Round "4.5"]
[White "Wittmann, Marc"]
[Black "Montheard, Xavier"]
[Result "1-0"]
[WhiteElo "2266"]
[BlackElo "2247"]
[PlyCount "93"]
[EventDate "2004.10.10"]
[EventType "team"]
[EventRounds "11"]
[EventCountry "FRA"]
[SourceTitle "EXT 2006"]
[Source "ChessBase"]
[SourceDate "2005.11.24"]
[SourceVersion "1"]
[SourceVersionDate "2005.11.24"]
[SourceQuality "1"]
[BlackTeam "Paris Chess XV I"]
[BlackTeamCountry "FRA"]

1. e4 c5 2. Nf3 d6 3. d4 cxd4 4. Nxd4 Nf6 5. Nc3 g6 6. Be3 Bg7 7. Be2 0-0 8. 0-0 a6 9. a4 Nc6 10. h3 Bd7 11. Qd2 Rc8 12. Rad1 Ne5 13. f4 Nc4 14. Bxc4 Rxc4 15. e5 Nh5 16. Nde2 Qc8 17. Nd5 Re8 18. Nb6 Rxc2 19. Nxc8 Rxd2 20. Rxd2 Bxc8 21. g4 dxe5 22. gxh5 Bxh3 23. Rfd1 Bg4 24. Rd8 Kf8 25. Bb6 f5 26. hxg6 hxg6 27. Rxe8+ Kxe8 28. Kf2 exf4 29. Rd8+ Kf7 30. b4 Be5 31. Rd7 g5 32. Rxb7 Bh5 33. Bc5 g4 34. Nd4 Bf6 35. Nxf5 Ke6 36. Nxe7 g3+ 37. Kg1 f3 38. Rb6+ Ke5 39. Bd4+ Kxd4 40. Rxf6 f2+ 41. Kg2 Be2 42. Nf5+ Ke5 43. Nxg3 Kxf6 44. Nxe2 Ke5 45. Kxf2 Kd5 46. Nc3+ Kc4 47. b5 1-0

[Event "FRA-chT2"]
[Site "France"]
[Date "2002.02.??"]
[Round "7"]
[White "Lepan, Marvin"]
[Black "Wittmann, Marc"]
[Result "1-0"]
[WhiteElo "2189"]
[BlackElo "2249"]
[PlyCount "109"]
[EventDate "2002.??.??"]
[EventType "team"]
[EventRounds "11"]
[EventCountry "FRA"]
[SourceTitle "EXT 2003"]
[Source "ChessBase"]
[SourceDate "2002.11.25"]
[SourceVersion "1"]
[SourceVersionDate "2002.11.25"]
[SourceQuality "1"]

1. d4 Nf6 2. c4 g6 3. Nc3 Bg7 4. e4 0-0 5. Be2 d6 6. Nf3 Nc6 7. Be3 e5 8. d5 Ne7 9. Nd2 Ne8 10. c5 f5 11. f3 fxe4 12. fxe4 Kh8 13. cxd6 cxd6 14. Qb3 Ng8 15. 0-0-0 Bh6 16. Bxh6 Nxh6 17. h3 a6 18. g4 b5 19. Rdg1 g5 20. Nd1 Bd7 21. Nf3 Rf4 22. Qe3 Rc8+ 23. Kb1 Nf7 24. Nf2 Nf6 25. Nd2 Ne8 26. Nd3 Rf6 27. Nf3 Rg6 28. h4 Rg7 29. Qf2 Nf6 30. Nd2 gxh4 31. g5 Nxg5 32. Qxh4 Qg8 33. Rf1 Rf8 34. Rf2 Ne8 35. Rfh2 Nf6 36. Nf2 Rff7 37. Ka1 Qd8 38. Nf1 Qa5 39. Ng3 b4 40. Qh6 Ba4 41. Bd1 Nf3 42. Nf5 Nxh2 43. Qxh2 Bxd1 44. Nxd1 Rc7 45. Nde3 Qc5 46. Rb1 Ng4 47. Nxg4 Rxg4 48. Qh6 Rgg7 49. Nxd6 Qf2 50. Nf5 Qf4 51. Qd6 Qxe4 52. Nxg7 Rxg7 53. Qf8+ Rg8 54. Qf6+ Rg7 55. Rg1 1-0

[Event "FRA-chT2"]
[Site "France"]
[Date "2001.12.??"]
[Round "4"]
[White "Hartweg, Nicolas"]
[Black "Wittmann, Marc"]
[Result "0-1"]
[WhiteElo "2082"]
[BlackElo "2249"]
[PlyCount "64"]
[EventDate "2002.??.??"]
[EventType "team"]
[EventRounds "11"]
[EventCountry "FRA"]
[SourceTitle "EXT 2003"]
[Source "ChessBase"]
[SourceDate "2002.11.25"]
[SourceVersion "1"]
[SourceVersionDate "2002.11.25"]
[SourceQuality "1"]

1. d4 Nf6 2. c4 d6 3. Nc3 Nbd7 4. e4 e5 5. d5 Be7 6. Be3 0-0 7. f3 c6 8. Nge2 a6 9. b4 Ne8 10. Qd2 Qc7 11. Nc1 Nb8 12. Na4 c5 13. bxc5 dxc5 14. Rb1 Nd7 15. Qb2 Qa5+ 16. Nc3 Nd6 17. Nb3 Qc7 18. Be2 Rb8 19. a4 b6 20. 0-0 f5 21. Bf2 f4 22. g4 Qd8 23. Bd3 Qe8 24. Qe2 h5 25. h3 Nf7 26. Be1 hxg4 27. hxg4 Ng5 28. a5 Qg6 29. Nd1 Nf6 30. Nd2 Kf7 31. Kg2 Rh8 32. Rh1 Nxf3 0-1